[Event "Mittelfranken-chTB2a 1617"]
[Site "Mittelfranken"]
[Date "2016.11.27"]
[Round "3.8"]
[White "Kleist, Werner"]
[Black "Geppert, Franz"]
[Result "0-1"]
[WhiteElo "1258"]
[BlackElo "1478"]
[PlyCount "56"]
[EventDate "2016.10.23"]
[EventType "team-tourn"]
[EventRounds "9"]
[EventCountry "GER"]
[SourceTitle "EXT 2022"]
[Source "ChessBase"]
[SourceDate "2021.10.06"]
[SourceVersion "1"]
[SourceVersionDate "2021.10.06"]
[SourceQuality "1"]
[WhiteTeam "Zirndorf II"]
[BlackTeam "Dombuehl"]
[WhiteTeamCountry "GER"]
[BlackTeamCountry "GER"]

1. e4 d6 2. Nc3 c6 3. d4 Qc7 4. Nf3 e5 5. Be3 g6 6. Bd3 Bg7 7. 0-0 Ne7 8. b4 0-0 9. Kh1 Bg4 10. h3 Bxf3 11. Qxf3 exd4 12. Nd1 dxe3 13. c3 exf2 14. Rxf2 Nd7 15. Qe2 Ne5 16. Bc2 Kh8 17. a4 d5 18. Ra3 dxe4 19. Bxe4 f5 20. Bb1 Rad8 21. c4 Rd4 22. Bd3 Rfd8 23. Nb2 Qd7 24. Qf1 Nxd3 25. Nxd3 Rxd3 26. Rxd3 Qxd3 27. Re2 Rd4 28. Kg1 Re4 0-1

[Event "Nuremberg Zabo op 17th"]
[Site "Nuremberg"]
[Date "2015.09.21"]
[Round "1"]
[White "Brenner, Christian"]
[Black "Geppert, Franz"]
[Result "1-0"]
[WhiteElo "1925"]
[BlackElo "1453"]
[PlyCount "37"]
[EventDate "2015.09.21"]
[EventType "swiss"]
[EventRounds "5"]
[EventCountry "GER"]
[SourceTitle "EXT 2018"]
[Source "ChessBase"]
[SourceDate "2017.10.13"]
[SourceVersion "1"]
[SourceVersionDate "2017.10.13"]
[SourceQuality "1"]

1. e4 d6 2. d4 c6 3. Nc3 Qc7 4. Be3 e5 5. Nge2 g6 6. Qd2 f5 7. f4 Bg7 8. 0-0-0 Bf6 9. exf5 exf4 10. Nxf4 Bxf5 11. d5 Be5 12. Bd3 Bg4 13. Rde1 Ne7 14. h3 Bd7 15. g4 0-0 16. Rhf1 Na6 17. dxc6 Bxf4 18. Bxf4 Bxc6 19. Bc4+ 1-0

[Event "Nuremberg Zabo op 11th"]
[Site "Nuremberg"]
[Date "2009.09.19"]
[Round "2"]
[White "Geppert, Franz"]
[Black "Corral, Carlos"]
[Result "0-1"]
[WhiteElo "1467"]
[BlackElo "1905"]
[PlyCount "68"]
[EventDate "2009.09.18"]
[EventType "swiss"]
[EventRounds "5"]
[EventCountry "GER"]
[SourceTitle "EXT 2012"]
[Source "ChessBase"]
[SourceDate "2011.11.24"]
[SourceVersion "1"]
[SourceVersionDate "2011.11.24"]
[SourceQuality "1"]

1. e4 c5 2. Nf3 Nc6 3. d4 cxd4 4. Nxd4 g6 5. b3 Nf6 6. Nxc6 bxc6 7. Bb2 Bg7 8. Nd2 0-0 9. c4 d5 10. Qc2 Bb7 11. Bd3 Re8 12. 0-0 e5 13. Rad1 Rc8 14. c5 Nd7 15. b4 Qh4 16. Rfe1 f5 17. f3 f4 18. Nb3 Qe7 19. g4 fxg3 20. hxg3 Qg5 21. Kg2 Rc7 22. Bc1 Qe7 23. Rh1 Bc8 24. exd5 cxd5 25. Rxh7 Kxh7 26. Bxg6+ Kg8 27. Rh1 Nf8 28. Bh7+ Kf7 29. Bh6 Rc6 30. Qd2 Nxh7 31. Qxd5+ Qe6 32. Qxe6+ Bxe6 33. Bxg7 Kxg7 34. Rd1 Nf6 0-1

[Event "Seebach op 16th"]
[Site "Grossenseebach"]
[Date "2005.05.27"]
[Round "3"]
[White "Geppert, Franz"]
[Black "Babichev, Vyacheslav"]
[Result "0-1"]
[WhiteElo "1478"]
[BlackElo "1709"]
[PlyCount "78"]
[EventDate "2005.05.26"]
[EventType "swiss"]
[EventRounds "7"]
[EventCountry "GER"]
[SourceTitle "EXT 2018"]
[Source "ChessBase"]
[SourceDate "2017.10.13"]
[SourceVersion "1"]
[SourceVersionDate "2017.10.13"]
[SourceQuality "1"]

1. Nf3 Nf6 2. g3 g6 3. Bg2 Bg7 4. 0-0 0-0 5. d3 d6 6. Nbd2 c6 7. e4 Nbd7 8. c3 Qc7 9. a4 a5 10. Qc2 b6 11. d4 Ba6 12. Re1 e5 13. dxe5 dxe5 14. Nb3 Rfd8 15. Bf1 Bxf1 16. Kxf1 h6 17. h3 Qc8 18. Kg2 Kh7 19. Be3 c5 20. Nbd2 Qb7 21. Red1 Rab8 22. Ng1 Nf8 23. f3 N6d7 24. Nc4 Nf6 25. Rd6 Rxd6 26. Nxd6 Qe7 27. Rd1 Ne6 28. Qb3 Ne8 29. Nc4 Qc7 30. Qb5 Nf6 31. Rd6 Bf8 32. Rxb6 Rxb6 33. Qxb6 Qd7 34. Nxe5 Qxa4 35. Nxf7 Qc2+ 36. Bf2 c4 37. Qxe6 Bc5 38. Ng5+ hxg5 39. Qf7+ Kh6 0-1

[Event "Seebach op 16th"]
[Site "Grossenseebach"]
[Date "2005.05.26"]
[Round "1"]
[White "Geppert, Franz"]
[Black "Vogiatzis, Dimitrios"]
[Result "0-1"]
[WhiteElo "1478"]
[BlackElo "1977"]
[PlyCount "36"]
[EventDate "2005.05.26"]
[EventType "swiss"]
[EventRounds "7"]
[EventCountry "GER"]
[SourceTitle "EXT 2018"]
[Source "ChessBase"]
[SourceDate "2017.10.13"]
[SourceVersion "1"]
[SourceVersionDate "2017.10.13"]
[SourceQuality "1"]

1. Nf3 f5 2. g3 Nf6 3. Bg2 c5 4. 0-0 Nc6 5. d3 e5 6. e4 d6 7. Nbd2 Be7 8. c3 0-0 9. Re1 f4 10. Qb3+ Kh8 11. Ng5 Qe8 12. a4 Ng4 13. Ndf3 Bxg5 14. Nxg5 Qh5 15. Nf3 fxg3 16. fxg3 Rxf3 17. Bxf3 Qxh2+ 18. Kf1 Qf2# 0-1